000 01176nam a2200229Ia 4500
003 Ost
005 20260507075217.0
008 260507s9999||||xx |||||||||||||| ||und||
040 _cfsecg
041 _aara
082 _a330
100 _aياسين، سعد غالب
_eمؤلف
245 0 _aالإدارة الالكترونية /
_c سعد غالب ياسين
260 _aعمان:
_bدار اليازوري,
_c2010
300 _a431 صفحة؛
_bإيضاحات ؛
_c24 سم
504 _aمراجع ص.423 ؛ مصطلحات ص.435 ؛ اشكال :لكل شكل صفحة
520 _aالاساسيات والبنية الشبكية لمنظومات واعمال الادارة الالكترونية مع مفهوم الحكومة الالكترونية مع التحديات والمتطلبات و الفرص التي تواجه الادارة الالكترونية ،محددات تطبيق التجارب الرائدة في الادارة الادارة الاكترونية للبيئة العربية.
653 _aالادارة
653 _aالإدارة الالكترونية
653 _aالقرارات الادارية
942 _cكتاب
999 _c43501
_d43501